The cloven foot : being an adaptation of the English novel "The mystery of Edwin Drood," (by Charles Dickens), to American scenes, characters, customs, and nomenclature /

Bibliographic Details
Main Author: Newell, R. H. (Robert Henry), 1836-1901
Other Authors: Dickens, Charles, 1812-1870
Format: Microform Book
Language:English
Published: New York : Carleton, 1870.

MARC

Tag First Indicator Second Indicator Subfields
LEADER 00000cam a2200000 a 4500
001 in00000756127
005 20151016093500.0
007 hd afa014baca
008 760614s1870 ctu a 00000 eng d
035 |a (OCoLC)02227428 
035 |9 ADH7674AM 
040 |a JNA  |c JNA  |d m.c.  |d LWS  |d UtOrBLW 
049 |a TXAI 
090 |a PZ1  |b .A34 v.2, no.1786 
090 |a PS15 
099 |a film  |a B  |a 1551 
100 1 |a Newell, R. H.  |q (Robert Henry),  |d 1836-1901. 
245 1 4 |a The cloven foot :  |b being an adaptation of the English novel "The mystery of Edwin Drood," (by Charles Dickens), to American scenes, characters, customs, and nomenclature /  |c by Orpheus C. Kerr. 
264 1 |a New York :  |b Carleton,  |c 1870. 
300 |a 279 pages 
336 |a text  |b txt  |2 rdacontent 
337 |a microform  |b h  |2 rdamedia 
338 |a microfilm reel  |b hd  |2 rdacarrier 
533 |a Microfilm.  |b Woodbridge, Conn. :  |c Research Publications,  |d 1970-1978.  |e 1 microfilm reel ; 35 mm.  |f (Wright American fiction ; v. 2 (1851-1875), reel N-2, no. 1786) 
500 |a Microform. 
700 1 |a Dickens, Charles,  |d 1812-1870. 
999 |a MARS 
999 f f |s bc091ed0-4f16-3624-9abe-bc17fb4d6948  |i c40a42ce-4782-392c-ae75-48a0bed6b31f  |t 0 
952 f f |p default  |a Texas A&M University  |b College Station  |c Sterling C. Evans Library  |d Evans: Microforms (3rd floor)  |t 0  |e film B 1551 v.2 reel N-2 no.1786  |h Other scheme  |i microform -- microfilm reel 
998 f f |a film B 1551 v.2 reel N-2 no.1786  |t 0  |l Evans: Microforms (3rd floor)